Zdobywcy korony himalajów i karakorum - Statystyki

Ogólne statystyki
  • Ten quiz został rozwiązany 35 razy
  • Średni wynik to 4 z 40
Statystyki odpowiedzi
Hint narodowość himalaista % Poprawnych
2 Polska Jerzy Kukuczka
100%
1 Włochy Reinhold Messner
73%
5 Polska Krzysztof Wielicki
67%
20 Polska Piotr Pustelnik
30%
4 Meksyk Carlos Carsolio
24%
15 Kazachstan Denis Urubko
24%
40 Nepal Nimral Purja
15%
3 Szwajcaria Erhard Loretan
12%
23 Nepal Mingma Sherpa
12%
12 Stany Zjednoczone Ed Viesturs
6%
24 Austria Gerlinde Kaltenbrunner
6%
21 Hiszpania Edurne Pasaban
3%
22 Włochy Abele Blanc
0%
10 Hiszpania Alberto Iñurrategi
0%
18 Australia Andrew Lock
0%
37 Iran Azim Gheychisaz
0%
30 Nepal Chhang Dawa
0%
38 Hiszpania Ferran Latorre
0%
11 Korea Południowa Han Wang-yong
0%
29 Japonia Hirotaka Takeuchi
0%
14 Ekwador Iván Vallejo
0%
19 Portugalia João Garcia
0%
32 Hiszpania Jorge Egocheaga
0%
6 Hiszpania Juanito Oiarzabal
0%
31 Korea Południowa Kim Chang-Ho
0%
27 Korea Południowa Kim Jae-soo
0%
26 Kazachstan Maksut Żumajew
0%
28 Włochy Mario Luciano Panzeri
0%
34 Włochy Nives Meroi
0%
39 Hiszpania Òscar Cadiach
0%
9 Korea Południowa Park Young-seok
0%
36 Słowacja Peter Hámor
0%
33 Czechy Radek Jaroš
0%
16 Niemcy Ralf Dujmovits
0%
35 Włochy Romano Benet
0%
7 Włochy Sergio Martini
0%
13 Włochy Silvio Mondinelli
0%
8 Korea Południowa Um Hong-gil
0%
17 Finlandia Veikka Gustafsson
0%
25 Kazachstan Wasilij Piwcow
0%
Nie znaleziono quizów pasujących do podanych kryteriów
Rozkład punktacji
Procent ludzi z każdym wynikiem
Percentyl według liczby udzielonych odpowiedzi
Twoja historia wyników
Nie rozwiązałeś tego quizu